Normal view
MARC view
Entry Personal Name
001 - CONTROL NUMBER
- control field: 1239029
003 - CONTROL NUMBER IDENTIFIER
- control field: OSt
005 - DATE AND TIME OF LATEST TRANSACTION
- control field: 20260511162821.0
008 - FIXED-LENGTH DATA ELEMENTS
- fixed length control field: 260511|| aca||aabn | a|a d
040 ## - CATALOGING SOURCE
- Original cataloging agency: OSt
- Transcribing agency: OSt
100 ## - HEADING--PERSONAL NAME
- Personal name: Engler, Frank Schulze
670 ## - SOURCE DATA FOUND
- Source citation: Work cat.: (OSt)1678312: Malreddy, Pavan Kumar Ed. 1239028, Mapping World Anglophone Studies:, 2025.
